000
00271nam a2200133Ia 4500
100
_a
Barsukov/P
942
_c
BK
654
_a
Drawing
245
_a
Building Construction Drawing
260
_b
Peace publishers
082
_a
604.2
300
_a
302
546
_a
ENGLISH
999
_c
28105
_d
28105